MARC

LEADER 00000nam0a2200000 4500
001 375834
005 20250415122703.0
010 |b 2000 экз. 
035 |a (RuTPU)RU\TPU\retro\33273 
035 |a RU\TPU\book\276680 
090 |a 375834 
100 |a 20221221d1931 m y0rusy50 ca 
101 0 |a rus 
102 |a RU 
105 |a y z 000zy 
200 1 |a Физико-химические свойства подземных вод  |f Г. О. Смолко  |g СССР, ВСНХ, Главное геологоразведочное управление 
210 |a Москва  |c Геологическое изд-во ГГРУ  |d 1931  |a Ленинград 
215 |a 17 с. 
317 |5 63413507: 179354  |a Поступила в НТБ в 1940 г. в составе книжного собрания академика М. А. Усова. 
610 1 |a гидрогеохимия 
610 1 |a подземные воды 
610 1 |a физико-химические свойства 
610 1 |a Библиотека М. А. Усова 
610 1 |a дары библиотеке 
675 |a 556.314  |v 3 
700 1 |a Смолко  |b Г. О. 
712 0 1 |a СССР  |b Высший совет народного хозяйства (ВСНХ)  |3 (RuTPU)RU\TPU\col\14569 
712 0 1 |a СССР  |b Главное геологоразведочное управление (ГГРУ)  |c (1928-1931)  |3 (RuTPU)RU\TPU\col\18482 
801 1 |a RU  |b 63413507  |c 20140319 
801 2 |a RU  |b 63413507  |c 20221221  |g RCR 
850 |a 63413507 
942 |c BK